Name the song Quiz Stats

 Plays Quiz not verified by Sporcle

Challenge
Share
Tweet
Embed
Score 0/37 Timer 08:00
0 Plays Today
lyrics songs % Correct
if i got crazy will you still call me superman?kryptonite
57.9%
she wears short skirts i wear t shirtsyou belong with me
56.3%
take a sad song, and make it better. remember to let her into your heart, then you can start to make it betterhey jude
46.8%
oh mama, i shot a mannbohemian rhapsody
44.4%
drew looks, at me, i fake a smile so he wont seeteardrops on my guitar
40.5%
we were both sixteen and it felt so right, sleeping all day staying up all nightocean avenue
35.7%
look at this stuff, isnt this neat? dont you think my collection is complete?part of your world
29.4%
im not a princess, this aint a fairy talewhite horse
27.8%
i almost didnt notice all the roses and the note that saidour song
27%
got to be good looking cuz hes so hard to seecome together
24.6%
they taped over your mouth scribbled out the truth with their lies, your little spiescrushcrushcrush
23%
tired of being what you want me to be, feeling so faithlessnumb
18.3%
you got me hanging ten feet off the groundapologize
15.1%
do you believe in love at first sight, well im certain it happens all the timewith a little help from my friends
13.5%
youre so sad maybe you should buy a happy meal, youre so skinny you should really supersize the dealyoure so gay
8.7%
theyd tear us apart, if you give them the chancecheck yes juliet
7.9%
one last kiss for you, one last wish to you. please make up your mind girl, before i hope you diewelcome home
6.3%
i feel you on my fingertips, my tougue dance behind my lipsall around me
6.3%
the sky is burning up like fireworks, i want you oh so bad it hurtslove drunk
5.6%
lyrics songs % Correct
i guess secondbest is all i will knowthinking of you
4.8%
kick off your stilettos, and **** me in the back seatfer sure
4%
in your eyes, ive lost my placei caught fire
4%
i couldnt sleep last night so i walked aloneall again for you
3.2%
sitting in this room playing russian roulettenot good enough for truth in cliche
3.2%
it took two days, for me to figure outarizona
3.2%
and now i can breathe turn my insides outsmother me
2.4%
she loves the way that i tease, i love the way that she breathessituations
2.4%
i thought you said forever over and over againpaperthin hymn
2.4%
lets make a mess steal a kiss in the momentobvious
1.6%
and breaths starts to shorten, and heart beats pounds softermy heroine
1.6%
shooting daggers at me, letting it be know that youre not impressedbroken stars
1.6%
when im lying ing your bed, emotions running through my headsmile in your sleep
1.6%
this union, battles won and lostshipwreck in the sand
1.6%
your poker face concealing, all that youre not dealingi knew i couldnt trust you
0.8%
ive always been your favorite gamewe are not the world
0.8%
we keep suffering every day, the victims of oppurtunityborn dead
0.8%
these hotel walls are paper thinvices
0.8%

You're not logged in!

Compare scores with friends on all Sporcle quizzes.
Join for Free
OR
Log In

You Might Also Like...

Show Comments

Extras

Top Quizzes Today


Score Distribution

Your Account Isn't Verified!

In order to create a playlist on Sporcle, you need to verify the email address you used during registration. Go to your Sporcle Settings to finish the process.

Report this User

Report this user for behavior that violates our Community Guidelines.

Details: